000 01049naa a22003017a 4500
001 BR8701740
003 BR-BrBNA
005 20240918175759.0
007 ta
008 230509b bl.||||| |||| 00| 0 por d
040 _aBR-BrBNA
_bpor
_cBiblioteca Nacional de Agricultura
041 _a(Pt)
072 _aQ03
_b9410
_b9430
090 _aQ03 BR8701740
100 1 _aMuller, F.
111 1 _a4. Congresso Nacional de Laticinios
_cJuiz de Fora, MG (Brazil)
_d18-22 Jul 1977
245 1 _aPresenca de estafilococcus produtores de enterotoxinas no leite
260 3 _aBelo Horizonte, MG (Brasil):
_c1977.
500 _aAnais do 4. Congresso Nacional de Laticinios Belo Horizonte, MG (Brasil): 1977. p. 171-173 (BR8701740-AM)Q03
650 _aLEITE
650 _aQUEIJO
650 _aCONTAMINACAO
650 _aESTAFILOCOCO
650 _aINTOXICACAO
773 0 _tAnais do 4. Congresso Nacional de Laticinios
_wQ03 BR8701740
_gBelo Horizonte, MG (Brasil), 1977. p. 171-173
909 _a202404
_bLucia
_c55
_dLucia Elande
942 _cAM
_2AGRIS
999 _c318112
_d318112